000 01173cam a2200313 i 4500
001 0000639
003 DO-SdBNP
005 20171213104406.0
007 0000639
008 100514s 2009 mx | 000 f spa
015 _a
017 _a
_b
020 _a9786071102492
035 _a
040 _aBPMSU
_bspa
_cBPMSU
_e
080 _a
100 1 _aKoppel, Mónica
245 1 0 _a2010 año del tigre de metal
_bconoce qué te depara el año del tigre de metal y como apoyarte en el feng shui para obtener éxito, amor, equilibrio, armonía, paz y abundancia durante este año /
_cMónica Koppel, Bruno Koppel
246 1 0 _aDos mil diez año del tigue de metal
_bconoce qué te depara el año del tigre de metal y como apoyarte en el feng shui para obtener éxito, amor, equilibrio, armonía, paz y abundancia durante este año /
260 _aMéxio:
_bAlamah,
_c2009.
300 _a358 p.:
_c22 cm
490 _aTradiciones de oriente
504 _aBibliografía p: 355-358
700 1 2 _aKoppel, Bruno
830 0 _aTradiciones de oriente
942 _2ddc
_cBK
945 _aInventariado extranjero 2017/ YL
956 _aYLOCKWARD
_cBPMSU
_b10
_d20171213
999 _c11257
_d11257